Normal view
MARC view
Entry Topical Term
001 - CONTROL NUMBER
- control field: 4161
003 - CONTROL NUMBER IDENTIFIER
- control field: HDC
005 - DATE AND TIME OF LATEST TRANSACTION
- control field: 20230624073156.0
008 - FIXED-LENGTH DATA ELEMENTS
- fixed length control field: 210114|| aca||aabn | a|a d
040 ## - CATALOGING SOURCE
- Original cataloging agency: HDC
- Transcribing agency: HDC
150 ## - HEADING--TOPICAL TERM
- Topical term or geographic name entry element: global Muslim
670 ## - SOURCE DATA FOUND
- Source citation: Work cat.: (HDC): Mohd Nor Norazmi author 4159, Halal pharmaceutical industry: opportunities and challenges / by, 2015
